| 000 | 00620nam a2200205 i 4500 | ||
|---|---|---|---|
| 001 | 70642 | ||
| 003 | ES-MaACL | ||
| 005 | 20251104144547.0 | ||
| 007 | t| | ||
| 008 | 040729s1961 sp ||||1| spa d | ||
| 100 | 1 |
_aGardner, Martin. _955513 |
|
| 245 | 1 | 0 |
_aJuegos matemáticos / _cMartin Gardner ; traducción del inglés por Julio Flórez. |
| 260 |
_aMadrid : _bRevista de Occidente, _c[1961] |
||
| 300 |
_a253 p. : _bil. ; _c18 cm. |
||
| 650 | 0 | 7 |
_aMatemáticas recreativas _2embne _914838 |
| 700 | 1 |
_aFlorez, Julio. _9206884 |
|
| 852 |
_aES-MaACL _jC-23736 |
||
| 942 | _2udc | ||
| 999 |
_c70642 _d70642 |
||